000 00939nam a2200241 a 4500
001 79368
003 BD-RjUL
005 20220521165717.0
008 220214s2008 bg a|||| m||| 00| 0 eng d
035 _a(BD-RjUL)79368
040 _aBD-RjUL
_beng
_dBD-RjUL
041 _aeng
082 _223
_a158
_bMUS 2008
100 _aMuhammad, Noor
_91302
245 1 0 _aSubjective well-Being of Majority and Minority people of Bangladesh as a function of their Gender, Education, Income and Employment status /
_cSubmitted by Noor Muhammad ;
_6Supervisor : Md. Abdul Latif
260 _aRajshahi :
_bDepartment of Psychology, University of Rajshahi,
_c2008
300 _axi, 187 leaves :
_bill ;
_c29 cm.
502 _aThesis (Ph. D.)-- Department of Psychology, Rajshahi University, 2008
504 _aReferences : leaves [126]-152
650 _aWell-being
_zBangladesh
_93102
700 _a Latif, Md. Abdul, Supervisor
_91304
942 _2ddc
_cTHE
999 _c79368
_d79368